ՀՀ Գիտությունների ազգային ակադեմիայի հիմնարար գիտական գրադարան  =   Fundamental Scientific Library of NAS RA

Каспийский свод сведений о Восточной Европе / (Record no. 527407)

MARC details
000 -LEADER
fixed length control field 01251nam a2200253 a 4500
001 - CONTROL NUMBER
control field 1418606
003 - CONTROL NUMBER IDENTIFIER
control field AM-YEHGA
005 - DATE AND TIME OF LATEST TRANSACTION
control field 20250617164647.0
008 - FIXED-LENGTH DATA ELEMENTS--GENERAL INFORMATION
fixed length control field 181105s1962 ru ||||gr|||||||||0|rus|d
040 ## - CATALOGING SOURCE
Original cataloging agency AM-YeHGA
041 0# - LANGUAGE CODE
Language code of text/sound track or separate title rus
090 ## - LOCALLY ASSIGNED LC-TYPE CALL NUMBER (OCLC); LOCAL CALL NUMBER (RLIN)
-- 565395
100 1# - MAIN ENTRY--PERSONAL NAME
Personal name Заходер, Борис Николаевич
245 10 - TITLE STATEMENT
Title Каспийский свод сведений о Восточной Европе /
Statement of responsibility, etc. Б.Н. Заходер ; АН СССР. Ин-т народов Азии.
260 ## - PUBLICATION, DISTRIBUTION, ETC.
Place of publication, distribution, etc. Москва :
Name of publisher, distributor, etc. Наука,
Date of publication, distribution, etc. 1962
300 ## - PHYSICAL DESCRIPTION
Extent том
505 10 - FORMATTED CONTENTS NOTE
Miscellaneous information [Т. 1] (1962, 279 с., 1 л. портр. ; Библиогр. : с. 271-278) :
Title Горган и Поволжье в IX-X вв..
650 14 - SUBJECT ADDED ENTRY--TOPICAL TERM
Topical term or geographic name entry element Географическая наука в странах Востока
Chronological subdivision 9-10 вв.
650 14 - SUBJECT ADDED ENTRY--TOPICAL TERM
Topical term or geographic name entry element Поволжье
General subdivision История
-- Источники и источниковедение
Chronological subdivision 9-10 вв.
651 4# - SUBJECT ADDED ENTRY--GEOGRAPHIC NAME
Geographic name Иран
General subdivision История
-- Источники и источниковедение
Chronological subdivision 9-10 вв.
651 4# - SUBJECT ADDED ENTRY--GEOGRAPHIC NAME
Geographic name Восточная Европа -
General subdivision История
-- Источники и источниковедение
710 2# - ADDED ENTRY--CORPORATE NAME
Corporate name or jurisdiction name as entry element Институт народов Азии АН СССР
942 ## - ADDED ENTRY ELEMENTS (KOHA)
Source of classification or shelving scheme Universal Decimal Classification
Koha item type Գրքեր / Books
Holdings
Withdrawn status Lost status Source of classification or shelving scheme Damaged status Not for loan Collection Home library Current library Date acquired Serial enumeration / chronology Total checkouts Full call number Barcode Date last seen Price effective from Koha item type Public note
    Universal Decimal Classification     General Fundamental Scientific Library Fundamental Scientific Library 23/03/2023 Т. 1   PII/73746 FL0679638 23/03/2023 23/03/2023 Գրքեր / Books 30 Days Loan


ՀՀ ԳԱԱ հիմնարար գիտական գրադարան
ՀՀ,Երևան 0019
Մարշալ Բաղրամյան 24/6
հեռախոս:(374-10) 52-47-50
Հետադարձ կապ

All site content, except where otherwise noted, is licensed under a
Creative Commons License